[Event "Roncana op-C 12th"]
[Site "Santa Eulalia de Roncana"]
[Date "2018.09.29"]
[Round "1"]
[White "Fernandez Lunar, Alejandro"]
[Black "Umbert Gutierrez, Marti"]
[Result "1-0"]
[WhiteElo "1419"]
[BlackElo "1322"]
[PlyCount "75"]
[EventDate "2018.09.29"]
[EventType "swiss"]
[EventRounds "8"]
[EventCountry "ESP"]
[SourceTitle "EXT 2020"]
[Source "ChessBase"]
[SourceDate "2019.10.17"]
[SourceVersion "1"]
[SourceVersionDate "2019.10.17"]
[SourceQuality "1"]

1. e4 e5 2. Nf3 Nc6 3. Be2 Nf6 4. d3 h6 5. a3 Bc5 6. Nc3 0-0 7. 0-0 d6 8. Nd5 Nxd5 9. exd5 Nd4 10. Nxd4 Bxd4 11. Bg4 Bxg4 12. Qxg4 Qf6 13. c3 Bb6 14. Qh3 Rac8 15. Be3 Bxe3 16. Qxe3 b6 17. Rae1 Rfe8 18. Qh3 c6 19. c4 cxd5 20. cxd5 Rc2 21. Rc1 Rxc1 22. Rxc1 e4 23. dxe4 Rxe4 24. Rc8+ Kh7 25. Qd3 g6 26. Qxe4 Qg5 27. g3 a5 28. Qe8 Kg7 29. Qg8+ Kf6 30. Re8 Kf5 31. Qxf7+ Kg4 32. f3+ Kh5 33. Re4 Qc1+ 34. Kg2 Qd2+ 35. Kh3 Qc1 36. Rh4+ Kg5 37. Rg4+ Kh5 38. Qxg6# 1-0